000 00414nam a2200157Ia 4500
008 230312s9999||||xx |||||||||||||| ||und||
020 _a81-85749-80-9
082 _a621.3
_bGUP-E
100 _aGupta,J.B
245 0 _aElectrical Engineering
260 _bS.K.Kataria & Sons
_aIndia
_c2005
300 _a558
546 _aEng.
650 _aEngineering
_vIntroductory Concepts,Single Phase AC Circuits
942 _cBK
999 _c1464
_d1464